Normal view MARC view
  • Talha Zubair Khan. Qazi Mashood ur Rahman. Adeel Shahid Iqbal. Project

Entry Personal Name

Number of records used in: 1

001 - CONTROL NUMBER

  • control field: 73328

003 - CONTROL NUMBER IDENTIFIER

  • control field: NUST

005 - DATE AND TIME OF LATEST TRANSACTION

  • control field: 20210628205013.0

008 - FIXED-LENGTH DATA ELEMENTS

  • fixed length control field: 210628|| aca||aabn | a|a d

040 ## - CATALOGING SOURCE

  • Original cataloging agency: NUST
  • Transcribing agency: NUST

100 ## - HEADING--PERSONAL NAME

  • Personal name: Talha Zubair Khan. Qazi Mashood ur Rahman. Adeel Shahid Iqbal. Project

670 ## - SOURCE DATA FOUND

  • Source citation: Work cat.: (NUST): Talha Zubair Khan. Qazi Mashood ur Rahman. Adeel Shahid Iqbal. Project, PR-SOF-1972-Design and Development of an Automated Can Filling Machine, 2020
© 2023 Central Library, National University of Sciences and Technology. All Rights Reserved.